000 00369nam a2200157Ia 4500
008 221030s9999 xx 000 0 und d
020 _a8150323483
041 _aEnglish
082 _a105.23
_bShe
100 _aS. A. Sherlekar
245 0 _aEthics In Management
260 _bHimalaya Pub House
_aMumbai
_c2003
300 _a166
650 _aManagement
942 _cBK
999 _c1971
_d1971